Novela zákona o prídavkoch na deti
Prídavky na deti ako jedna z dávok štátnej sociálnej podpory, ktorá predstavuje základnú formu spoločenskej pomoci rodinám s nezaopatrenými deťmi. Podmienky poskytovania tejto štátnej sociálnej dávky upravuje zákon č. 193/1994 Z.z. o prídavkoch na deti a o príplatku k prídavkom na deti v znení nesko...
Salvato in:
| Autore principale: | |
|---|---|
| Natura: | Capitolo di libro |
| Lingua: | slovacco |
| Soggetti: | |
| Tags: |
Nessun Tag, puoi essere il primo ad aggiungerne!!
|
MARC
| LEADER | 00000naa a2200000 4500 | ||
|---|---|---|---|
| 001 | r042933 | ||
| 005 | 20231002081144.4 | ||
| 041 | 0 | |a slo | |
| 044 | |a SK | ||
| 245 | 1 | 0 | |a Novela zákona o prídavkoch na deti |c Ján Matlák |
| 520 | |a Prídavky na deti ako jedna z dávok štátnej sociálnej podpory, ktorá predstavuje základnú formu spoločenskej pomoci rodinám s nezaopatrenými deťmi. Podmienky poskytovania tejto štátnej sociálnej dávky upravuje zákon č. 193/1994 Z.z. o prídavkoch na deti a o príplatku k prídavkom na deti v znení neskorších predpisov, ktorý je od 1. júla 2001 novelizovaný. | ||
| 610 | 2 | 0 | |a prídavky na deti |
| 610 | 2 | 0 | |a dávky sociálne |
| 610 | 2 | 0 | |a príplatky |
| 610 | 2 | 0 | |a úpravy právne |
| 610 | 2 | 0 | |a novelizácia |
| 610 | 2 | 0 | |a júl |
| 610 | 2 | 0 | |a 2001 |
| 100 | 1 | |a Matlák, Ján | |